Genésis de una novela histórica / (Record no. 171804)

MARC details
000 -LEADER
campo de control de longitud fija 00746nam a22002175i 4500
001 - NÚMERO DE CONTROL
campo de control 171804
003 - IDENTIFICADOR DE NÚMERO DE CONTROL
campo de control ES-MaACL
005 - FECHA Y HORA DE LA ÚLTIMA TRANSACCIÓN
campo de control 20231228210332.0
008 - DATOS DE LONGITUD FIJA--INFORMACIÓN GENERAL
campo de control de longitud fija 090601s1964 sp |||| | spa d
080 ## - NÚMERO DE LA CLASIFICACIÓN DECIMAL UNIVERSAL
Número de la Clasificación Decimal Universal 821.134.2 Solís Ramón 7.Cádiz de las Cortes 06
100 1# - ENTRADA PRINCIPAL--NOMBRE DE PERSONA
Nombre de persona Solís, Ramón,
Fechas asociadas al nombre 1923-1978
9 (RLIN) 107215
245 10 - MENCIÓN DEL TÍTULO
Título Genésis de una novela histórica /
Mención de responsabilidad, etc. Ramón Solís.
260 ## - PUBLICACIÓN, DISTRIBUCIÓN, ETC.
Lugar de publicación, distribución, etc. Ceuta :
Nombre del editor, distribuidor, etc. Instituto Nacional de Enseñanza Media,
Fecha de publicación, distribución, etc. 1964.
300 ## - DESCRIPCIÓN FÍSICA
Extensión 55 p. ;
Dimensiones 15 cm.
490 1# - MENCIÓN DE SERIE
Mención de serie Aula magna ;
Designación de volumen o secuencia 6
710 2# - ENTRADA AGREGADA--NOMBRE DE ENTIDAD CORPORATIVA
Nombre de entidad corporativa o nombre de jurisdicción como elemento de entrada Instituto Nacional de Enseñanza Media de Ceuta.
9 (RLIN) 5158
830 0# - PUNTO DE ACCESO ADICIONAL DE SERIE-TÍTULO UNIFORME
Título uniforme Aula magna ;
Designación de volumen o secuencia 6
9 (RLIN) 186555
852 ## - LOCALIZACIÓN
Ubicación ES-MaACL
Número de control de estantería C-26532
itemnumber R.54690
852 ## - LOCALIZACIÓN
Ubicación ES-MaACL
Número de control de estantería C-26533
itemnumber R.54704
Holdings
Estatus retirado Estado de pérdida Estado de daño No para préstamo Biblioteca de origen Biblioteca actual Ubicación en estantería Fecha de adquisición Fuente de adquisición Total de préstamos Signatura topográfica completa Código de barras Visto por última vez Precio de reemplazo Tipo de ítem Koha
        Biblioteca del Ateneo de Madrid Biblioteca del Ateneo de Madrid Depósito 2 01/06/2009     C-26533 1180304 23/02/2023 23/02/2023 Libro impreso
        Biblioteca del Ateneo de Madrid Biblioteca del Ateneo de Madrid Depósito 2 01/06/2009     C-26532 1180303 23/02/2023 23/02/2023 Libro impreso